000
00244nam a22000857a 4500
999
_c
10920
_d
10920
008
180407b ||||| |||| 00| 0 eng d
100
_a
Sagar, Rachana
_9
6729
245
_a
Together with Computer Science C++
260
_a
New Delhi
_b
Rachna Sagar Pvt Ltd